| 000 | 00678nam a22001697a 4500 | ||
|---|---|---|---|
| 999 |
_c14744 _d14744 |
||
| 008 | 191121b ||||| |||| 00| 0 eng d | ||
| 082 |
_22018 _aUT 1344 _bC19 |
||
| 100 |
_aCarillo, Vincent Paul N. _940712 |
||
| 245 |
_aCredit Risk Management of Credit Cooperatives in Digos City: _bBasis for Action Plan/ _cVincent Paul N. Carillo, Cyrus John Rosal and Jay-ar Quitara |
||
| 260 |
_aDigos City _bUMDC _cNovember 2018 |
||
| 300 |
_a56 pages _c30 cm |
||
| 650 |
_aBusiness Administration _vFinancial Management _xUndergraduate Thesis _940713 |
||
| 700 |
_aCarillo, Vincent Paul N. _940712 |
||
| 700 |
_aRosal, Cyrus John _940714 |
||
| 700 |
_aQuitara, Jay-ar _940715 |
||
| 942 |
_2ddc _cUT |
||